000 00772nam a2200181Ia 4500
008 151202s9999||||xx |||||||||||||| ||und||
082 _bPNVM-66546
100 _aलेंम्बेल ओल्गा /अनु./कुलकर्णी जी.ए.
245 _aवैर्‍याची एक रात्र.
260 _bअंतरकर आनंद.
260 _c2007
300 _a212
600 _aलेंम्बेल ओल्गा /अनु./कुलकर्णी जी.ए.
630 _aवैर्‍याची एक रात्र.
700 _aलेंम्बेल ओल्गा /अनु./कुलकर्णी जी.ए.
730 _aवैर्‍याची एक रात्र.
942 _cBOOK
999 _c1333078
_d1333075